[Event "Match"]
[Site "www.echecsemail.com"]
[Date "2017.05.25"]
[Round "1"]
[White "Yussuf1000"]
[Black "Krystek23"]
[WhiteElo "2300"]
[BlackElo "2300"]
[Result "1/2-1/2"]
[Round "1"]
1.d4 Ng8f6
2.Ng1f3 g6
3.Bc1f4 Bf8g7
4.e3 d6
5.h3 c6
6.c3 Qd8b6
7.Qd1b3 Bc8e6
8.Qb3xb6 axb6
9.a3 b5
10.Nb1d2 Nf6d5
11.Bf4g3 Nd5b6
12.Bf1d3 Nb6a4
13.O-O-O Nb8d7
14.Nf3g5 Nd7f8
15.Ng5xe6 Nf8xe6
16.f4 Ne6c7
17.e4 Na4b6
18.Rh1f1 f6
19.Kc2 h5
20.Nd2f3 Nb6c4
21.Bg3f2 d5
22.e5 f5
23.g3 Nc7e6
24.h4 Kd7
25.Rd1a1 Bg7f8
26.b3 Nc4b6
27.Kb2 Kc7
28.Bd3e2 Ra8a7
29.Nf3e1 Bf8g7
30.Ne1d3 Rh8a8
31.Nd3e1 Nb6d7
32.Ne1c2 Ne6f8
33.Nc2b4 Nf8e6
34.Nb4c2 { draw }
1/2-1/2

[Event "Match"]
[Site "www.echecsemail.com"]
[Date "2017.05.25"]
[Round "1"]
[White "Gilliere"]
[Black "Cjood"]
[WhiteElo "2150"]
[BlackElo "1900"]
[Result "1-0"]
[Round "1"]
1.d4 d5
2.c4 dxc4
3.e4 e5
4.d5 Qd8h4
5.Qd1f3 Bc8g4
6.Qf3e3 b6
7.g3 Qh4e7
8.Bf1xc4 g6
9.Nb1c3 Bf8h6
10.Qe3d3 Ng8f6
11.Bc1xh6 Qe7b4
12.Ra1b1 a6
13.a3 Qb4c5
14.Bh6g7 Nf6xe4
15.Nc3xe4 { resign }
1-0

[Event "Match"]
[Site "www.echecsemail.com"]
[Date "2017.05.25"]
[Round "1"]
[White "Mdesouza"]
[Black "Ketchuplover"]
[WhiteElo "2230"]
[BlackElo "1790"]
[Result "1-0"]
[Round "1"]
1.e4 c5
2.Ng1f3 e6
3.c4 Nb8c6
4.d4 cxd4
5.Nf3xd4 Bf8b4
6.Nb1c3 a6
7.Bc1e3 h6
8.Bf1d3 Ng8e7
9.O-O Ne7g6
10.Qd1b3 Bb4xc3
11.Qb3xc3 Nc6e5
12.Bd3e2 O-O
13.f4 Ne5c6
14.f5 Ng6e5
15.f6 { resign }
1-0

[Event "Match"]
[Site "www.echecsemail.com"]
[Date "2017.05.25"]
[Round "1"]
[White "Luzmaria"]
[Black "Coxyjon"]
[WhiteElo "999"]
[BlackElo "1759"]
[Result "0-1"]
[Round "1"]
1.e4 e5
2.Ng1f3 Qd8f6
3.h4 d5
4.exd5 Bc8g4
5.Bf1b5 c6
6.Qd1e2 cxb5
7.Qe2xb5 Nb8d7
8.Qb5xb7 Ra8d8
9.d4 Qf6f5
10.Nb1a3 Qf5e4
11.Kf1 exd4
12.Bc1g5 Bg4xf3
13.gxf3 Qe4xf3
14.d6 Qf3xb7
15.Rh1h3 Bf8xd6
16.Na3c4 Qb7b5
17.b3 f6
18.Ra1e1 Ng8e7
19.Rh3d3 Qb5d5
20.c3 fxg5
21.Rd3xd4 Qd5h1
22.Ke2 Qh1xe1
23.Kxe1 Ne7f5
24.Nc4xd6 Nf5xd6
25.Rd4xd6 O-O
26.hxg5 Rf8f5
27.g6 hxg6
28.b4 Rf5h5
29.c4 Rh5h1
30.Kd2 Rh1f1
31.Ke2 Rf1a1
32.Rd6xg6 Ra1xa2
33.Ke3 Rd8e8
34.Kd4 Ra2a1
35.c5 Ra1d1
{ resign }
0-1

[Event "1/128 Finale"]
[Site "www.chess-mail.com"]
[Date "2017.05.25"]
[Round "1"]
[White "Bronstein70"]
[Black "Maj16"]
[WhiteElo "2360"]
[BlackElo "1799"]
[Result "1-0"]
[Round "1"]
1.e4 e6
2.d3 b5
3.Ng1f3 Bc8b7
4.Bf1e2 c5
5.O-O Ng8f6
6.e5 Nf6d5
7.c4 bxc4
8.dxc4 Nd5b6
9.Nb1c3 a6
10.Qd1d3 d5
11.cxd5 Nb6xd5
12.Bc1g5 Bf8e7
13.Nc3e4 O-O
14.Ne4xc5 { resign }
1-0

[Event "1/128 Finale"]
[Site "www.chess-mail.com"]
[Date "2017.05.25"]
[Round "1"]
[White "Julian"]
[Black "Passaroa25"]
[WhiteElo "1840"]
[BlackElo "1630"]
[Result "0-1"]
[Round "1"]
1.e4 c6
2.d4 d6
3.Ng1f3 f6
4.Nb1c3 Bc8e6
5.Bf1d3 Be6f7
6.O-O e6
7.Bc1e3 Ng8e7
8.Rf1e1 { time. }
0-1

[Event "Tourn. n9368"]
[Site "www.chess-mail.com"]
[Date "2017.05.26"]
[Round "1"]
[White "Antuan72"]
[Black "Biggles"]
[WhiteElo "1920"]
[BlackElo "2090"]
[Result "1/2-1/2"]
[Round "1"]
1.e4 e6
2.d4 d5
3.Nb1c3 Bf8b4
4.e5 c5
5.Ng1f3 Nb8c6
6.Bf1e2 Qd8b6
7.a3 Bb4xc3
8.bxc3 Bc8d7
9.O-O Ng8e7
10.Bc1e3 c4
11.Ra1b1 Qb6c7
12.h3 f6
13.Rb1b2 O-O-O
14.Qd1b1 Ne7f5
15.Be3d2 fxe5
16.Nf3xe5 Rd8f8
17.Be2g4 h5
18.Bg4xf5 Rf8xf5
19.f4 Rh8f8
20.g3 g5
21.h4 gxh4
22.gxh4 Nc6xe5
23.dxe5 Bd7c6
24.Kh2 Rf8g8
25.Rf1g1 Rg8g4
26.Rg1xg4 hxg4
27.Kg3 Qc7h7
28.Qb1g1 b6
29.Bd2e3 Kc7
30.Be3xb6 Kc8
31.Bb6xa7 Rf5f7
32.Ba7d4 Qh7e4
33.Qg1f2 Qe4h1
34.Qf2g2 Qh1a1
35.Rb2b6 Kc7
36.Rb6a6 Rf7f8
37.Ra6a7 Kb8
38.Qg2g1 Qa1b2
39.Qg1d1 Bc6b7
40.a4 Kc7
41.a5 Rf8a8
42.Ra7xa8 Bb7xa8
43.Bd4b6 Kd7
44.Qd1xg4 Qb2xc3
45.Qg4f3 Qc3xc2
46.Qf3f2 Qc2g6
47.Kh3 Ke8
48.Qf2g3 Qg6f5
49.Qg3g4 Qf5d3
{ draw }
1/2-1/2

[Event "Tourn. n9374"]
[Site "www.chess-mail.com"]
[Date "2017.05.26"]
[Round "1"]
[White "Cal"]
[Black "Motorhead99"]
[WhiteElo "1720"]
[BlackElo "1860"]
[Result "0-1"]
[Round "1"]
1.c4 c6
2.Nb1c3 Ng8f6
3.e4 d6
4.h3 e5
5.Ng1f3 h6
6.d4 exd4
7.Nf3xd4 Nb8d7
8.Bc1f4 Qd8b6
9.b3 Bf8e7
10.Bf1d3 Qb6xd4
11.Qd1d2 Nd7e5
12.O-O Qd4xd3
13.Ra1d1 Qd3xd2
14.Rd1xd2 Bc8e6
15.Bf4xe5 dxe5
16.f4 exf4
17.Rf1xf4 Ra8d8
18.Rd2f2 Be7c5
19.e5 Bc5xf2
20.Rf4xf2 Nf6d7
21.Nc3e4 O-O
22.Ne4g3 Nd7xe5
23.Ng3e4 b6
24.g4 Rd8d4
25.Ne4c3 Rf8d8
26.Rf2e2 Ne5f3
27.Kf2 Nf3d2
28.Nc3d1 Nd2xb3
29.axb3 Rd4xd1
30.Ke3 Rd8d3
31.Kf4 g5
32.Ke5 Rd3xb3
33.Kf6 Kf8
34.Re2f2 Rb3xh3
35.c5 Rh3h1
36.cxb6 axb6
{ resign }
0-1

[Event "Tourn. n9382"]
[Site "www.chess-mail.com"]
[Date "2017.05.26"]
[Round "1"]
[White "Malbertan"]
[Black "Bojan"]
[WhiteElo "2060"]
[BlackElo "1990"]
[Result "1-0"]
[Round "1"]
1.e4 e5
2.f4 d6
3.Ng1f3 exf4
4.Bf1c4 Bf8e7
5.O-O Bc8g4
6.d4 g5
7.c3 c6
8.Qd1b3 Ng8h6
9.e5 d5
10.Bc4d3 Qd8d7
11.Nb1d2 b6
12.c4 Bg4e6
13.Qb3c2 Nh6f5
14.Nd2b3 Nb8a6
15.cxd5 Na6b4
16.dxe6 fxe6
17.Qc2c4 Nb4xd3
18.Qc4xd3 a5
19.Nb3d2 b5
20.Nd2e4 h6
21.Ne4f6 Be7xf6
22.exf6 Kf7
23.Nf3e5 Ke8
24.Ne5xd7 Kxd7
25.d5 Ra8d8
26.Rf1e1 cxd5
27.Qd3xb5 Kc7
28.Qb5xa5 Kd7
29.Qa5b5 Kd6
30.Qb5b6 Kd7
31.Qb6xe6 { resign }
1-0

[Event "Tourn. n9321"]
[Site "www.chess-mail.com"]
[Date "2017.05.26"]
[Round "1"]
[White "Wwgia"]
[Black "Crull"]
[WhiteElo "1900"]
[BlackElo "1830"]
[Result "1-0"]
[Round "1"]
1.d4 g6
2.c4 Bf8g7
3.Nb1c3 Ng8f6
4.e4 d6
5.Ng1f3 O-O
6.Bf1e2 Nb8d7
7.O-O Rf8e8
8.Rf1e1 e5
9.Be2f1 Nf6g4
10.d5 Nd7f6
11.Nf3d2 c6
12.h3 Ng4h6
13.b4 Nf6h5
14.Bc1b2 Nh5f4
15.Kh2 Qd8h4
16.g3 Qh4f6
17.Nd2f3  { time }
1-0

[Event "Tourn. n9274"]
[Site "www.chess-mail.com"]
[Date "2017.05.26"]
[Round "1"]
[White "Rons"]
[Black "Pdebonis"]
[WhiteElo "2550"]
[BlackElo "2560"]
[Result "1/2-1/2"]
[Round "1"]
1.e4 e5
2.Ng1f3 Nb8c6
3.Bf1b5 a6
4.Bb5a4 Ng8f6
5.O-O Bf8e7
6.Rf1e1 b5
7.Ba4b3 d6
8.c3 O-O
9.h3 Nc6b8
10.d4 Nb8d7
11.Nb1d2 Bc8b7
12.Bb3c2 Rf8e8
13.Nd2f1 Be7f8
14.Nf1g3 g6
15.a4 c5
16.d5 c4
17.Bc1g5 Bf8g7
18.Qd1d2 Nd7c5
19.Ra1a3 Qd8c7
20.Re1a1 Re8b8
21.Qd2e2 Nf6d7
22.Ng3f1 Nd7b6
23.axb5 axb5
24.Nf1e3 Ra8xa3
25.Ra1xa3 f6
26.Bg5h4 Bb7c8
27.Ra3a1 Nb6a4
28.Bc2xa4 bxa4
29.Qe2c2 Bc8d7
30.Nf3d2 Nc5b3
31.Ra1a2 f5
32.exf5 gxf5
33.Nd2f3 Rb8f8
34.Nf3g5 Nb3c5
35.Qc2d1 f4
36.Ne3xc4 Bd7f5
37.Nc4d2 Bg7f6
38.Ng5f3 Qc7g7
39.Bh4xf6 Rf8xf6
40.Kh2 e4
41.Nf3h4 e3
42.b4 exf2
43.Nd2f1 Nc5e4
44.Qd1e2 Ne4xc3
45.Nh4xf5 Nc3xe2
46.Nf5xg7 Ne2g3
47.Ra2xf2 Kxg7
48.Nf1d2 Rf6f7
49.Rf2f3 Kg6
50.b5 Kf5
51.Rf3a3 Rf7c7
52.Ra3a1 Rc7c2
53.Nd2f3 Rc2f2
{ draw }
1/2-1/2

[Event "Tourn. n9367"]
[Site "www.chess-mail.com"]
[Date "2017.05.26"]
[Round "1"]
[White "Motorhead99"]
[Black "Madz123456"]
[WhiteElo "1599"]
[BlackElo "1470"]
[Result "0-1"]
[Round "1"]
1.e4 c5
2.Ng1f3 d6
3.d4 cxd4
4.Qd1xd4 Nb8c6
5.Bf1b5 Bc8d7
6.Bb5xc6 Bd7xc6
7.O-O Ng8f6
8.Nb1c3 e6
9.Bc1g5 Bf8e7
10.a4 h6
11.Bg5h4 O-O
12.Rf1e1 a6
13.Ra1d1 Qd8c7
14.Re1e2 Rf8d8
15.h3 b5
16.axb5 axb5
17.Rd1e1 g5
18.Bh4g3 Qc7b7
19.b4 d5
20.exd5 Bc6xd5
21.Nc3xd5 Nf6xd5
22.c3 Ra8c8
23.Qd4e4 Rc8c4
24.Nf3d4 Qb7d7
25.Nd4xe6 Rc4xe4
26.Re2xe4 fxe6
{ resign }
0-1

[Event "Tourn. n9390"]
[Site "www.chess-mail.com"]
[Date "2017.05.26"]
[Round "1"]
[White "Cristiano"]
[Black "Mitja"]
[WhiteElo "2240"]
[BlackElo "2020"]
[Result "0-1"]
[Round "1"]
1.e4 d5
2.exd5 Qd8xd5
3.Nb1c3 Qd5d8
4.d4 e6
5.Bc1e3 c6
6.Ng1f3 Ng8f6
7.Bf1c4 Nb8d7
8.O-O Bf8d6
9.Qd1c1 h6
10.h3 Nd7b6
11.Bc4b3 Nb6d5
12.Nc3xd5 Nf6xd5
13.Bb3xd5 cxd5
14.c4 dxc4
15.Qc1xc4 O-O
16.Ra1d1 Qd8e7
17.a3 b6
18.d5 exd5
19.Qc4xd5 Bd6b8
20.Rf1e1 Bc8b7
21.Qd5f5 Bb7c8
22.Qf5h5 Qe7e6
23.Be3c5 Qe6f5
24.Qh5xf5 Bc8xf5
25.Bc5xf8 Kxf8
{ resign }
0-1

[Event "Tourn. n9319"]
[Site "www.chess-mail.com"]
[Date "2017.05.26"]
[Round "1"]
[White "Seger"]
[Black "Rons"]
[WhiteElo "2680"]
[BlackElo "2590"]
[Result "1-0"]
[Round "1"]
1.e4 c5
2.d3 Nb8c6
3.c4 d6
4.g3 Bc8d7
5.Nb1c3 h5
6.Bc1e3 Ng8f6
7.h3 Nc6d4
8.f4 e5
9.Bf1g2 Bf8e7
10.Ng1f3 Qd8c7
11.O-O O-O
12.Ra1c1 Ra8e8
13.a3 b6
14.Be3d2 Qc7c8
15.f5 Qc8a6
16.g4 hxg4
17.hxg4 Be7d8
18.g5 Nf6h7
19.Kf2 Nd4xf5
20.Rf1h1 Qa6c8
21.exf5 Bd7xf5
22.Qd1e2 d5
23.cxd5 f6
24.g6 Bf5xg6
25.Nf3h4 Bg6f7
26.Kg1 Nh7g5
27.Rc1f1 c4
28.Nh4f5 Bf7g6
29.Bg2e4 Ng5xe4
30.dxe4 Bg6xf5
31.exf5 b5
32.Qe2h5 Qc8c5
33.Kg2 { resign }
1-0

[Event "Match"]
[Site "www.echecsemail.com"]
[Date "2017.05.26"]
[Round "1"]
[White "Ll69"]
[Black "Pwain"]
[WhiteElo "1910"]
[BlackElo "2420"]
[Result "0-1"]
[Round "1"]
1.d4 d5
2.Ng1f3 Ng8f6
3.c4 e6
4.Nb1c3 Bf8e7
5.Bc1f4 O-O
6.e3 b6
7.Bf1d3 c5
8.cxd5 Nf6xd5
9.Nc3xd5 exd5
10.dxc5 bxc5
11.O-O Nb8c6
12.a3 c4
13.Bd3e2 Be7f6
14.Ra1b1 Bc8f5
15.Rb1c1 Bf6xb2
{ resign }
0-1

[Event "Match"]
[Site "www.echecsemail.com"]
[Date "2017.05.26"]
[Round "1"]
[White "Bojan"]
[Black "Mitja"]
[WhiteElo "1910"]
[BlackElo "2030"]
[Result "1-0"]
[Round "1"]
1.e4 d5
2.exd5 Qd8xd5
3.Nb1c3 Qd5d8
4.Qd1f3 e6
5.Ng1h3 c6
6.a3 h6
7.Bf1c4 Nb8d7
8.O-O Bf8d6
9.Nc3e4 Bd6c7
10.d4 Nd7f6
11.Bc1e3 Nf6xe4
12.Qf3xe4 Ng8f6
13.Qe4f3 Qd8d6
14.g3 b6
15.Ra1d1 Bc8b7
16.Qf3e2 O-O-O
17.a4 Nf6d5
18.Be3d2 h5
19.Nh3g5 Rd8f8
20.Ng5e4 Qd6d7
21.Bc4a6 f5
22.Ba6xb7 Kxb7
23.Ne4g5 Rf8e8
24.c4 Nd5f6
25.Bd2c3 h4
26.Kg2 hxg3
27.fxg3 Nf6g4
28.h3 Ng4f6
29.b4 Nf6h5
30.Bc3e1 Qd7e7
31.Qe2f3 Qe7xg5
32.Rd1d3 f4
33.g4 Rh8f8
34.b5 Kb8
35.Qf3xc6 Qg5g6
36.Qc6f3 Nh5g3
37.Rf1g1 e5
38.dxe5 Re8xe5
39.Be1xg3 Qg6e4
40.Qf3xe4 Re5xe4
41.Bg3h2 Re4e2
42.Kh1 Rf8e8
43.Rd3f3 g5
44.Rg1c1 Re8e3
45.Rf3xe3 Re2xe3
46.Kg2 f3
47.Kh1 Bc7xh2
48.Kxh2 Re3e2
49.Kg3 f2
50.Rc1f1 Re2c2
51.Rf1xf2 Rc2xc4
52.Rf2f5 Rc4xa4
53.Rf5xg5 a5
54.h4 Ra4a3
55.Kf4 Ra3b3
56.h5 Rb3b4
57.Ke3 Rb4c4
58.h6 Rc4c7
59.Rg5g7 { resign }
1-0

[Event "Match"]
[Site "www.echecsemail.com"]
[Date "2017.05.26"]
[Round "1"]
[White "Coraza"]
[Black "Caspito"]
[WhiteElo "1840"]
[BlackElo "1920"]
[Result "1-0"]
[Round "1"]
1.Ng1f3 Nb8c6
2.e4 e5
3.Bf1c4 Ng8h6
4.d3 g6
5.Bc1xh6 Bf8xh6
6.Nf3g1 Qd8f6
7.Ng1f3 d6
8.Bc4d5 O-O
9.Bd5xc6 bxc6
10.Nb1c3 Bc8a6
11.Qd1e2 Ra8b8
12.b3 Ba6b7
13.h4 Bb7a6
14.Nc3a4 Qf6e6
15.c4 c5
16.h5 Qe6g4
17.g3 Kg7
18.Rh1h4 Qg4d7
19.Na4c3 c6
20.g4 g5
21.Rh4h1 Qd7xg4
22.O-O-O f6
23.Rd1g1 Qg4e6
24.Nc3d1 Kf7
25.Kc2 Ba6b7
26.a4 a5
27.Qe2d2 Rf8g8
28.Nd1e3 Rb8a8
29.Ne3f5 Bh6f8
30.h6 d5
31.Nf5g3 Rg8g6
32.Ng3h5 Bf8xh6
33.Qd2e1 Ra8g8
34.Qe1xa5 Qe6e7
35.Nh5g3 Rg8g7
36.Ng3h5 Rg7g8
37.Nh5g3 dxe4
38.Ng3f5 Qe7f8
39.Qa5c7 Ke6
40.Nf5xh6 Rg8g7
41.Qc7a5 exf3
42.Qa5e1 Rg7d7
43.Nh6g4 h6
44.Ng4h2 Rd7d4
45.Nh2xf3 Rd4f4
46.Nf3d2 h5
47.Rh1xh5 Rg6h6
48.Rg1h1 Rf4h4
49.Rh5xh6 Rh4xh6
50.Rh1g1 Bb7c8
51.Nd2e4 Rh6h5
52.Qe1e2 Rh5h2
53.Kc3 Kf7
54.Rg1g3 Kg6
55.a5 Rh2h1
56.Qe2f3 Rh1a1
57.Rg3xg5 { resign }
1-0

[Event "Match"]
[Site "www.echecsemail.com"]
[Date "2017.05.26"]
[Round "1"]
[White "Pellix84"]
[Black "Darknight"]
[WhiteElo "2070"]
[BlackElo "1780"]
[Result "1-0"]
[Round "1"]
1.Ng1f3 d5
2.g3 Nb8c6
3.Bf1g2 h6
4.O-O Bc8g4
5.d3 e5
6.Rf1e1 Qd8d7
7.e4 Qd7e6
8.exd5 Qe6xd5
9.Nb1c3 Qd5d8
10.Re1e4 Ng8f6
11.Re4e1 a6
12.Bc1f4 Bf8d6
13.d4 e4
14.Bf4xd6 Qd8xd6
15.Nc3xe4 Nf6xe4
16.Re1xe4 Bg4e6
17.d5 O-O-O
18.c4 Qd6c5
19.Qd1e2 Be6f5
20.dxc6 Bf5xe4
21.Qe2xe4 b6
22.Nf3e5 Rh8e8
23.Qe4g4 Re8e6
24.Ne5xf7 Rd8e8
25.Bg2d5 Kb8
26.Bd5xe6 Qc5xc6
27.Be6d5 Qc6f6
28.Qg4d7 Re8c8
29.Ra1d1 Rc8f8
30.Qd7a4 a5
31.Qa4b3 Ka7
32.c5 Rf8b8
33.Bd5g2 h5
34.Nf7d6 bxc5
35.Nd6b5 Rb8xb5
36.Qb3xb5 Qf6b6
37.Qb5d7 a4
38.b3 a3
39.Rd1e1 g5
40.Re1e8 Qb6d6
41.Qd7a4 Qd6a6
42.Re8a8 { resign }
1-0

[Event "Match"]
[Site "www.echecsemail.com"]
[Date "2017.05.26"]
[Round "1"]
[White "Motorhead99"]
[Black "Caspito"]
[WhiteElo "1860"]
[BlackElo "1950"]
[Result "1/2-1/2"]
[Round "1"]
1.d4 Ng8f6
2.e3 g6
3.Bf1d3 Bf8g7
4.Nb1d2 d5
5.f4 O-O
6.Ng1f3 Bc8g4
7.O-O Nb8d7
8.Qd1e1 b6
9.c3 c5
10.Nf3e5 c4
11.Bd3c2 b5
12.h3 Bg4f5
13.e4 dxe4
14.Nd2xe4 Ra8c8
15.Ne4xf6 exf6
16.Bc2xf5 gxf5
17.Ne5xd7 Qd8xd7
18.Qe1g3 Kh8
19.h4 Qd7d5
20.h5 Rf8g8
21.Qg3f3 Rc8d8
22.Bc1d2 Bg7h6
23.Qf3xd5 Rd8xd5
24.Ra1e1 a5
25.Re1e7 Kg7
26.Rf1f3 { draw }
1/2-1/2

[Event "Match"]
[Site "www.echecsemail.com"]
[Date "2017.05.26"]
[Round "1"]
[White "Bojan"]
[Black "Mitja"]
[WhiteElo "1910"]
[BlackElo "2030"]
[Result "0-1"]
[Round "1"]
1.b4 d5
2.Bc1b2 e6
3.a3 c6
4.e3 Ng8f6
5.Qd1f3 Bf8e7
6.Ng1e2 Nb8d7
7.d3 Nd7b6
8.Bb2c3 Nb6a4
9.Bc3d2 h6
10.Ra1a2 Qd8b6
11.Ne2c3 Na4xc3
12.Nb1xc3 Qb6c7
13.g3 b6
14.d4 Bc8b7
15.Nc3a4 Qc7d7
16.Na4b2 c5
17.bxc5 bxc5
18.c3 Nf6e4
19.Bd2c1 Ne4xc3
20.Ra2a1 cxd4
21.exd4 Nc3e4
22.Bf1e2 Qd7c7
23.O-O Be7g5
24.Rf1d1 Bg5xc1
25.Ra1xc1 Qc7e7
26.Be2b5 Kf8
27.Rc1c2 g6
28.Rd1c1 Qe7f6
29.Qf3e3 Kg7
30.f3 Ne4g5
31.Kg2 Rh8c8
32.Bb5d7 Rc8xc2
33.Rc1xc2 Ra8b8
34.Nb2d3 Bb7a6
35.Nd3c5 Qf6f5
36.Qe3c3 Qf5h3
37.Kf2 Qh3f1
38.Ke3 Qf1xf3
39.Kd2 Qf3e2
40.Kc1 Qe2f1
41.Kd2 Ba6c4
42.Qc3e3 Ng5f3
43.Kc3 Qf1a1
{ resign }
0-1

[Event "Match"]
[Site "www.echecsemail.com"]
[Date "2017.05.26"]
[Round "1"]
[White "Cjood"]
[Black "Mitja"]
[WhiteElo "2000"]
[BlackElo "2020"]
[Result "0-1"]
[Round "1"]
1.e3 d5
2.c4 dxc4
3.Bf1xc4 e6
4.d4 c6
5.Ng1f3 Ng8e7
6.Nb1c3 Ne7g6
7.g3 Nb8d7
8.a3 Nd7b6
9.Qd1e2 Nb6xc4
10.Qe2xc4 Qd8f6
11.Nf3g1 Bf8d6
12.Nc3e4 Qf6e7
13.b4 Bd6c7
14.Ng1f3 O-O
15.Bc1b2 Qe7d7
16.Ne4c5 Qd7d5
17.Qc4xd5 cxd5
18.Nc5d3 b6
19.h4 Bc7d6
20.h5 Ng6e7
21.g4 Bc8a6
22.Nd3e5 f6
23.Ne5d7 Rf8d8
24.Nd7xf6 gxf6
25.g5 Kf7
26.Kd2 Rd8g8
27.Ra1g1 Ra8f8
28.Rg1g4 fxg5
29.Nf3xg5 Ke8
30.f4 h6
31.Kd1 hxg5
32.fxg5 Rf8f1
33.Rh1xf1 Ba6xf1
34.h6 Bf1h3
35.Rg4g1 Bh3f5
36.b5 Bf5h7
37.Bb2c1 Ne7f5
38.Rg1h1 Nf5g3
39.Rh1h3 Rg8xg5
40.e4 Rg5h5
41.Rh3xh5 Ng3xh5
42.e5 Bd6f8
43.Ke2 Kf7
44.Kf3 Kg6
45.Kg4 Bf8xh6
46.Bc1xh6 Kxh6
47.a4 Bh7c2
48.a5 bxa5
49.b6 axb6
50.Kh3 a4
51.Kg2 a3
52.Kf2 a2
53.Ke2 a1Q
54.Kd2 Bc2e4
55.Ke2 Qa1xd4
56.Ke1 Nh5f4
57.Kf1 Qd4d2
{ resign }
0-1

[Event "Match"]
[Site "www.echecsemail.com"]
[Date "2017.05.26"]
[Round "1"]
[White "Pinehill"]
[Black "Azocarwagner"]
[WhiteElo "1990"]
[BlackElo "1299"]
[Result "1-0"]
[Round "1"]
1.e4 e5
2.d4 exd4
3.Bf1c4 Ng8f6
4.e5 Qd8e7
5.Ng1f3 d5
6.Bc4d3 g6
7.O-O Nf6h5
8.Bc1g5 Qe7e6
9.Nf3xd4 Qe6b6
10.Nd4b3 Bf8g7
11.Bg5e3 Qb6e6
12.Nb1c3 Qe6xe5
13.Rf1e1 O-O
14.Be3c5 Qe5f6
15.Bc5xf8 Bg7xf8
16.Nc3xd5 Qf6d6
17.Bd3e2 Qd6e5
18.Be2f3 Bc8e6
19.Re1xe5 Nb8c6
20.Re5xe6 fxe6
21.Nd5xc7 Ra8c8
22.Nc7xe6 Kf7
23.Qd1d7 Nc6e7
24.Bf3d5 Kf6
25.Ne6xf8 Rc8xf8
26.Qd7e6 Kg7
27.Qe6xe7 Rf8f7
28.Qe7xf7 Kh6
29.h4 Nh5g7
30.Qf7f4 { resign }
1-0

[Event "Match"]
[Site "www.echecsemail.com"]
[Date "2017.05.26"]
[Round "1"]
[White "Motorhead99"]
[Black "Pellix84"]
[WhiteElo "1770"]
[BlackElo "2050"]
[Result "0-1"]
[Round "1"]
1.d4 Ng8f6
2.e3 e6
3.Bf1d3 b6
4.Ng1f3 Bc8b7
5.Nb1d2 c5
6.c3 Qd8c7
7.O-O Bf8d6
8.e4 cxd4
9.cxd4 Bd6f4
10.Rf1e1 Nb8c6
11.a3 O-O
12.b4 Ra8c8
13.Bc1b2 d5
14.e5 Nf6d7
15.g3 Bf4h6
16.Ra1c1 Rc8e8
17.g4 Bh6f4
18.h4 f6
19.exf6 Rf8xf6
20.Nf3e5 Re8f8
21.Ne5xc6 Bb7xc6
22.b5 Bf4h2
23.Kh1 Rf6xf2
24.Rc1xc6 Qc7g3
25.Qd1c2 Qg3g2
{ resign }
0-1

[Event "Match"]
[Site "www.echecsemail.com"]
[Date "2017.05.26"]
[Round "1"]
[White "Cal"]
[Black "Josefin"]
[WhiteElo "1700"]
[BlackElo "1349"]
[Result "1-0"]
[Round "1"]
1.c4 g5
2.d4 Nb8c6
3.e4 e5
4.d5 Bf8e7
5.dxc6 bxc6
6.a3 Ng8f6
7.Bc1xg5 Rh8g8
8.h3 Rg8h8
9.Bg5xf6 Be7xf6
10.Ng1f3 Qd8e7
11.Bf1d3 Bf6g5
12.Nb1c3 h6
13.b4 Ra8b8
14.O-O Bg5h4
15.b5  { time }
1-0

[Event "Match"]
[Site "www.echecsemail.com"]
[Date "2017.05.26"]
[Round "1"]
[White "Cjood"]
[Black "Whitekknight"]
[WhiteElo "1900"]
[BlackElo "2000"]
[Result "0-1"]
[Round "1"]
1.c4 c6
2.g3 g6
3.Bf1g2 Bf8g7
4.d4 d5
5.cxd5 cxd5
6.Nb1c3 Ng8f6
7.Bc1f4 Nb8c6
8.f3 O-O
9.e4 dxe4
10.d5 Nc6b4
11.fxe4 Bc8g4
12.Ng1e2 Nf6h5
13.Bf4c1 Ra8c8
14.h3 Nh5xg3
15.hxg4 Ng3xh1
16.Bg2xh1 Qd8b6
17.a3 Nb4a6
18.Ra1b1 Bg7xc3
19.Kf1 Bc3g7
20.Ne2g3 Qb6f6
21.Kg2 Na6c5
22.Bc1e3 b6
23.Be3xc5 Rc8xc5
24.b4 Rc5c3
{ resign }
0-1

[Event "1/16 Finale"]
[Site "www.chess-mail.com"]
[Date "2017.05.26"]
[Round "1"]
[White "Nimzo"]
[Black "Jose"]
[WhiteElo "2690"]
[BlackElo "2800"]
[Result "1-0"]
[Round "1"]
1.d4 Ng8f6
2.c4 g6
3.g3 Bf8g7
4.Bf1g2 d5
5.cxd5 Nf6xd5
6.e4 Nd5b6
7.Ng1e2 c5
8.d5 e6
9.O-O O-O
10.Ne2c3 Nb8a6
11.a4 exd5
12.exd5 Nb6c4
13.Nb1a3 Nc4e5
14.Nc3e4 Bc8g4
15.f3 Bg4f5
16.Bc1g5 Qd8b6
17.f4 Bf5xe4
18.Bg2xe4 c4
19.Kh1 Qb6xb2
20.Ra1b1 Qb2xa3
21.fxe5 Na6c5
22.Be4g2 Nc5d3
23.d6 Bg7xe5
24.d7 Qa3d6
25.Qd1f3 Qd6xd7
26.Rb1xb7 Qd7f5
27.Bg5e7 Be5d4
28.Be7xf8 Ra8xf8
29.Qf3xf5 gxf5
30.Bg2h3 Nd3f2
31.Kg2 Nf2xh3
32.Rb7d7 Bd4e5
33.Rf1e1 f6
34.Kxh3 Rf8f7
35.Rd7xf7 Kxf7
36.Kg2 c3
37.Kf3 h5
38.Re1d1 Kg6
39.Rd1d8 h4
40.gxh4 Be5xh2
41.Rd8g8 Kh5
42.Rg8h8 Kg6
43.Ke2 Bh2e5
44.h5 Kg7
45.Rh8a8 Be5d4
46.Ra8d8 c2
47.Kd2 { resign }
1-0

[Event "1/128 Finale"]
[Site "www.chess-mail.com"]
[Date "2017.05.26"]
[Round "1"]
[White "Mitja"]
[Black "Amaya"]
[WhiteElo "1990"]
[BlackElo "2040"]
[Result "1-0"]
[Round "1"]
1.d4 Ng8f6
2.e3 g6
3.h3 Bf8g7
4.Ng1e2 O-O
5.Ne2g3 d5
6.c3 Nb8d7
7.Bf1e2 e5
8.dxe5 Nd7xe5
9.Nb1d2 c6
10.Nd2b3 Bc8f5
11.Ng3xf5 Nf6e4
12.Nf5xg7 Kxg7
13.Nb3d4 Qd8f6
14.Nd4f3 Rf8e8
15.Be2d3 Ra8d8
16.Qd1e2 Ne4xc3
17.bxc3 Ne5xf3
18.Kd1 Nf3e5
19.Bc1b2 Ne5c4
20.Bd3xc4 dxc4
21.Ke1 Rd8d3
22.Ra1d1 Re8d8
23.Rd1xd3 Rd8xd3
24.g3 c5
25.Kf1 Qf6c6
26.Kg1 Qc6a4
27.Kh2 Qa4xa2
28.Rh1a1 Qa2b3
29.Ra1xa7 Rd3d1
30.Ra7a3 { resign }
1-0

[Event "Tourn. n9345"]
[Site "www.chess-mail.com"]
[Date "2017.05.27"]
[Round "1"]
[White "Cjood"]
[Black "Falcoale"]
[WhiteElo "1870"]
[BlackElo "1920"]
[Result "0-1"]
[Round "1"]
1.e4 c5
2.Bf1c4 e6
3.Nb1c3 Nb8c6
4.Ng1f3 a6
5.a3 b5
6.Bc4e2 Bc8b7
7.d4 cxd4
8.Nf3xd4 Ra8c8
9.b4 g6
10.Bc1b2 Bf8g7
11.Nd4xc6 Bb7xc6
12.Be2f3 Ng8e7
13.O-O O-O
14.Rf1e1 Bc6a8
15.Qd1d2 Qd8c7
16.Re1e3 Rf8d8
17.Ra1b1 Bg7e5
18.g3 Ne7c6
19.Re3d3 d6
20.Nc3e2 Be5xb2
21.Rb1xb2 Nc6e5
22.Rd3b3 Ne5c4
23.Qd2c1 Nc4xb2
24.Rb3xb2 Rd8d7
25.c3 f5
26.Qc1b1 Qc7b6
27.Ne2d4 Rc8xc3
28.Qb1a2 d5
29.Rb2d2 fxe4
30.Bf3g4 Rd7e7
31.Nd4e2 Rc3c4
32.h4 e3
33.fxe3 Qb6xe3
{ resign }
0-1

[Event "Tourn. n9292"]
[Site "www.chess-mail.com"]
[Date "2017.05.27"]
[Round "1"]
[White "Castletyme"]
[Black "Albertf"]
[WhiteElo "1700"]
[BlackElo "1750"]
[Result "1-0"]
[Round "1"]
1.e4 e5
2.Ng1f3 Nb8c6
3.Bf1b5 Ng8f6
4.Bb5xc6 dxc6
5.d3 Bc8g4
6.Nb1d2 Qd8d7
7.O-O O-O-O
8.Nf3xe5 Qd7e6
9.Ne5xg4 Nf6xg4
10.Nd2f3 Bf8c5
11.Bc1g5 f6
12.Bg5h4 Bc5d6
13.Bh4g3 Bd6xg3
14.hxg3 f5
15.exf5 Qe6xf5
16.Qd1d2 Rh8f8
17.Qd2g5 Qf5xg5
18.Nf3xg5 Rd8e8
19.Ng5xh7 Rf8h8
20.Nh7g5 Re8e2
21.Ra1c1 Rh8h2
22.Ng5h3 g6
23.Nh3f4 Re2d2
24.Nf4xg6 b6
25.Ng6h4 Rd2e2
26.f3 { resign }
1-0

[Event "Tourn. n9302"]
[Site "www.chess-mail.com"]
[Date "2017.05.27"]
[Round "1"]
[White "Libiesse"]
[Black "Jjmcbride"]
[WhiteElo "1890"]
[BlackElo "1700"]
[Result "1-0"]
[Round "1"]
1.d4 e6
2.c4 b6
3.Ng1f3 f6
4.e4 c5
5.d5 exd5
6.cxd5 Bf8d6
7.Nb1c3 Nb8a6
8.Qd1a4 Na6c7
9.Nc3b5 Nc7xb5
10.Bf1xb5 a6
11.Bb5e2 b5
12.Qa4c2 h6
13.Bc1e3 Qd8e7
14.Nf3h4 Qe7f7
15.f4 Ng8e7
16.O-O g5
17.fxg5 hxg5
18.Be3xg5 Ne7g8
19.Bg5f4 Bd6xf4
20.Rf1xf4 d6
21.Ra1f1 Bc8d7
22.Qc2c3 Ke7
23.e5 Rh8h6
24.e6 b4
25.Qc3e3 Bd7xe6
26.Nh4f5 Kd7
27.Nf5xh6 Qf7g7
28.dxe6 Kc7
29.Nh6f5 Qg7g5
30.Qe3d3  { time }
1-0

[Event "Tourn. n9371"]
[Site "www.chess-mail.com"]
[Date "2017.05.27"]
[Round "1"]
[White "Orhany24"]
[Black "Sorento"]
[WhiteElo "2230"]
[BlackElo "2430"]
[Result "0-1"]
[Round "1"]
1.d4 Ng8f6
2.c4 g6
3.Nb1c3 d5
4.Ng1f3 Bf8g7
5.Bc1g5 c6
6.e3 O-O
7.h3 Bc8f5
8.Bf1d3 Bf5xd3
9.Qd1xd3 e6
10.O-O Nb8d7
11.c5 h6
12.Bg5h4 Rf8e8
13.e4 g5
14.Bh4g3 e5
15.Rf1e1 exd4
{ resign }
0-1

[Event "Tourn. n9320"]
[Site "www.chess-mail.com"]
[Date "2017.05.27"]
[Round "1"]
[White "Wwgia"]
[Black "Sorento"]
[WhiteElo "1900"]
[BlackElo "2060"]
[Result "0-1"]
[Round "1"]
1.b3 d5
2.Bc1b2 Nb8c6
3.e3 e5
4.Bf1b5 Bf8d6
5.Ng1e2 Ng8f6
6.O-O O-O
7.d3 Bc8e6
8.Nb1d2 Nc6e7
9.d4 e4
10.Ne2g3 c6
11.Bb5e2 Ne7g6
12.c4 Qd8d7
13.Ra1c1 Ng6h4
14.cxd5 cxd5
15.f4 exf3
16.Nd2xf3 Bd6xg3
17.hxg3 Nh4f5
18.Nf3e5 Qd7e7
19.Rf1f3 Nf6e4
20.Qd1e1 Qe7g5
21.g4 Nf5xe3
22.Be2d3 Ne3xg2
23.Kxg2 f6
24.Bd3xe4 dxe4
25.Qe1xe4 fxe5
26.dxe5 Qg5d2
27.Kg3 Rf8xf3
28.Kxf3 Ra8f8
{ resign }
0-1